| 000 | 00319nam a22001337a 4500 | ||
|---|---|---|---|
| 999 |
_c533232 _d533232 |
||
| 003 | NUST | ||
| 038 | _aM.Ramzan | ||
| 082 |
_a747 _bING |
||
| 100 |
_aIngham, Vicki L. _927042 |
||
| 245 | _aBetter homes and gardens new classic style / | ||
| 260 |
_aUSA: _bMeredith Books, _c2003. |
||
| 300 | _a216 p, : | ||
| 942 |
_2ddc _cBK |
||